| 000 | 01180pab a2200169 454500 | ||
|---|---|---|---|
| 008 | 180718b2013 xxu||||| |||| 00| 0 eng d | ||
| 100 | _aBurford, Sally | ||
| 245 | _aFrom the inside out: Examining a knowledge - based practice in large public organizations | ||
| 260 | _c2013 | ||
| 300 | _ap.189-199. | ||
| 362 | _aFeb | ||
| 520 | _aThis article outlines a study into a specific knowledge-intensive practice (Web information architecture [IA] - the organizing and structuring of information on an organization's website) across a number of large public organizations. Using a practice as the unit of analysis it is found that the practice is fledgling, fragile, and lacks legitimacy and that a mindlessness of the practice exists. These new understandings of specific practice enable organizational members within and outside the practice to provide more supportive environments for the work. The article argues that attention to practices uncovers subtle, deeply held realities and knowledge that would otherwise remain obscured. - Reproduced. | ||
| 650 | _aKnowledge management | ||
| 773 | _aInternational Journal of Public Administration | ||
| 908 | _aN | ||
| 909 | _a99443 | ||
| 999 |
_c99442 _d99442 |
||